01310cam a2200337 a 45000010008000000030004000080050017000120080041000290100017000700200018000870200015001050250025001200400018001450420010001630430012001730500025001850820019002101000060002292450076002892600059003653000028004245040066004526500033005186500018005516510021005699060045005909420044006359520138006799520138008179990017009552121533OSt20230921162358.0961012s1996 ii b 001 0 eng  a 96903919  a9788173041211 a8173041210 aI-E-96-903919; 06-92 aDLCcDLCdDLC alcode aa-ii---00aBL2015.R48bB47 199600a294.538bBHA/A1 aBhattacharyya, N. N.q(Narendra Nath),d1934-20019956510aAncient Indian rituals and their social contents /cN.N. Bhattacharyya. aNew Delhi :bManohar Publishers & Distributors,c2023. axxiii, 305 p. ;c23 cm. aIncludes bibliographical references (p. [279]-288) and index. 0aRites and ceremonieszIndia. 0aCultszIndia. 0aIndiaxReligion. a7bcbccorigoded3encipf19gy-gencatlg 2ddccBKh294.538iBHA/Ak294.538mBHA/A 00102ddc40708RELIGIONaMESbMEScHISd2023-09-21l0o294.538 BHA/Ap42514r2023-09-21 16:24:41t2v795.00w2023-09-21yBKzGL42R1 00102ddc40708RELIGIONaMESbMEScHISd2023-09-21l0o294.538 BHA/Ap42513r2023-09-21 16:24:41t1v795.00w2023-09-21yBKzGL42R1 c42213d42213